A pecsenyecsirke nevelés eredményeinek elemzése a hódmezővásárhelyi "Vörös Csillag" Termelőszövetkezet baromfitelepén
Elmentve itt :
| Szerző: | |
|---|---|
| További közreműködők: | |
| Dokumentumtípus: | Szakdolgozat |
| Megjelent: |
1976
|
| Kulcsszavak: | Baromfitenyésztés Csirkenevelés Hódmezővásárhely |
| Tárgyszavak: | |
| Online Access: | http://diploma.bibl.u-szeged.hu/98143 |
| LEADER | 00857nta a2200241 i 4500 | ||
|---|---|---|---|
| 001 | dipl98143 | ||
| 005 | 20220125164442.0 | ||
| 008 | 220125s1976 hu om 0|| hun d | ||
| 040 | |a SZTE Diploma Repozitórium |b hun | ||
| 041 | |a hun | ||
| 100 | 1 | |a Szathmári Erzsébet | |
| 245 | 1 | 2 | |a A pecsenyecsirke nevelés eredményeinek elemzése a hódmezővásárhelyi "Vörös Csillag" Termelőszövetkezet baromfitelepén |h [elektronikus dokumentum] / |c Erzsébet Szathmári |
| 260 | |c 1976 | ||
| 300 | |a 38 | ||
| 650 | 4 | |a Agrár | |
| 650 | 4 | |a Agricultural sciences | |
| 650 | 4 | |a Animal and Dairy science | |
| 650 | 4 | |a Husbandry | |
| 695 | |a Baromfitenyésztés | ||
| 695 | |a Csirkenevelés | ||
| 695 | |a Hódmezővásárhely | ||
| 700 | 1 | |a Sófalvy Ferenc |e ths | |
| 856 | 4 | 0 | |u http://diploma.bibl.u-szeged.hu/id/eprint/98143/1/1976_szathmari_erzsebet.pdf |z Dokumentum-elérés |